| 000 | 00705nam a2200253 i 4500 | ||
|---|---|---|---|
| 001 | C2-0089665 | ||
| 003 | PPAK | ||
| 005 | 20180727091753.0 | ||
| 008 | 970510s1994 my |||| ||||| | eng d | ||
| 020 | _a9679784975 | ||
| 040 |
_aPPAK _beng _cPPAK _erda |
||
| 082 | 0 | 4 |
_a338.9595 _223 |
| 090 | 0 | 0 |
_a338.9595 _bPRA _dKIH |
| 090 | 0 | 0 |
_a338.9595 _bPRA _dR |
| 100 | 1 |
_aPramanik, Ataul Huq, _eauthor |
|
| 245 | 1 | 0 | _aMalaysia's economic success |
| 264 | 1 |
_aPetaling Jaya, Selangor : _bPelanduk , _c1994 |
|
| 300 |
_axix, 250 pages ; _c22 cm |
||
| 336 |
_2rdacontent _atext |
||
| 337 |
_2rdamedia _aunmediated |
||
| 338 |
_2rdacarrier _avolume |
||
| 650 | 1 | 0 | _aMalaysia - Economic conditions |
| 942 |
_ddc _cB |
||
| 999 |
_c18593 _d18593 |
||